Técnicas de control monetario (Registro nro. 5380)

Detalles MARC
000 -LEADER
fixed length control field 01094 a2200205 4500
001 - CONTROL NUMBER
control field 54209
005 - DATE AND TIME OF LATEST TRANSACTION
control field 20260407155812.0
008 - FIXED-LENGTH DATA ELEMENTS--GENERAL INFORMATION
fixed length control field 260407a1967 arg spa d
003 - CONTROL NUMBER IDENTIFIER
control field AR-UNSa-BCEJYS
040 ## - CATALOGING SOURCE
Original cataloging agency AR-UNSa-BCEJYS
Language of cataloging spa
Transcribing agency AR-UNSa-BCEJYS
080 ## - UNIVERSAL DECIMAL CLASSIFICATION NUMBER
Universal Decimal Classification number 338.23:336.74
Common auxiliary subdivision Política monetaria
041 ## - LANGUAGE CODE
Language code of text/sound track or separate title spa
100 1# - MAIN ENTRY--PERSONAL NAME
Personal name Aschheim, Joseph
245 10 - TITLE STATEMENT
Title Técnicas de control monetario
264 #1 - PRODUCTION, PUBLICATION, DISTRIBUTION, MANUFACTURE, AND COPYRIGHT NOTICE
Place of production, publication, distribution, manufacture México :
Name of producer, publisher, distributor, manufacturer Limusa-Wiley
Date of production, publication, distribution, manufacture, or copyright notice 1967
300 ## - PHYSICAL DESCRIPTION
Extent 250 p.
Dimensions 19 cm.
505 ## - FORMATTED CONTENTS NOTE
Formatted contents note 1. Innovaciones en la teoría de la banca central: Juicio crítico y examen preliminar - 2. Contraste entre operaciones de mercado abierto y variación del encaje legal - 3. Reservas legales complementarias para operaciones en valores - 4. Operaciones de mercado abierto;la doctrina de "sólo documentos" y la estabilización económica - 5. Tasa bancaria,tasa de redescuento y otras tasas de interés - 6. Influencia de la persuación moral - 7. Contraste entre bancos de depósito e intermediarios financieros - 8. Control de los depósitos a plazo
590 ## - LOCAL NOTE (RLIN)
Local note niveau_biblio:m niveau_hierar:0
942 ## - ADDED ENTRY ELEMENTS (KOHA)
Koha item type
Existencias
Withdrawn status Lost status Damaged status Not for loan Home library Current library Shelving location Date acquired Total checkouts Full call number Barcode Date last seen Price effective from Koha item type
        Biblioteca Prof. Eusebio Cleto del Rey Biblioteca Prof. Eusebio Cleto del Rey   07/04/2026   338.23:336.74 A812 L21155 07/04/2026 07/04/2026 Libro